000 00986nam0a22002411 4500
001 rc\4996139
005 20130430132949.9
035 _a(NLR Aleph) 008974305
090 _a9144789
_c9144789
100 _a20130430d1964 |||y0rusy50 ca
101 0 _arus
102 _aRU
105 _aa z |||||
200 1 _aМодернизация центровального станка
_fГос. Ком. Совета Министров РСФСР по координации науч.-исслед. работ. Гос. Науч.-исслед. ин-т науч. и техн. информации
210 _aМосква
_cБ. и.
_d1964
215 _a4 с.
_cчерт.
_d14
225 1 _aПередовой научно-технический и производственный опыт
_v№ 25-64-21/2
700 1 _aСтаник
_bИ. Б.
_gИзраиль Борисович
801 0 _aRU
_bNLR
_gpsbo
801 1 _aRU
_bELAR
_2rusmarc
852 _aNLR
_jП11/2295
942 _cBOOK
980 _aNB